Koncepcia Národného frontu v politike KSČ na Slovensku v období pred Mníchovom

Bibliographic Details
Main Author: Bystrický, Valerián, 1936-2017 (Author)
Format: Article
Language:Slovak
PhysicalDescription:Res. rus., angl., franc., lit. 56 zázn. v slov., češ., ruš.
Subjects:

MARC

LEADER 00000nab a2200000 a 4500
001 vtls000267879
003 SK-MaSNL
005 20260426074719.0
008 250422c1985 xo 0 slo
015 |a SNBRB19rr/mm-uuuuu 
035 |a CL0277993 
035 |a (urnnbn)urn:nbn:sk:snk:ar-004s8n 
035 |a (uuid)3ee45c3c-60a6-47dc-9a46-27e618a195a1 
035 |a urn:nbn:sk:snk-ab7x38 
040 |a SNKBUCL  |b slo  |c SNKBUCL  |e AACR2 
041 0 |a slo 
044 |a xo  |c SK 
080 |a 329.15(437):329.71  |2 1981 
080 |a 329.71  |2 1981 
080 |a 943.76  |2 1981 
100 1 |a Bystrický, Valerián,  |d 1936-2017  |4 aut  |9 162873 
245 1 0 |a Koncepcia Národného frontu v politike KSČ na Slovensku v období pred Mníchovom  |c Valerián Bystrický 
300 |b Res. rus., angl., franc., lit. 56 zázn. v slov., češ., ruš. 
610 7 |a Komunistická strana Československa  |2 snkbucl  |9 32256 
650 0 7 |a Národný front  |2 snkbucl  |9 627513 
651 7 |a Slovensko  |2 snkbucl  |9 14231 
655 7 |a články z novín a časopisov  |2 snkbucl  |9 267496 
773 0 |t Historický časopis  |g Roč. 33, č. 6 (1985), s. 841-866 
850 |a Slovenská národná knižnica 
852 |a Slovenská národná knižnica 
954 |a odborná, vedecká literatúra pôvodná (slovenská)  |2 lita 
958 |a article9 
958 |a OND 
958 |a NB 
958 |a RK 
958 |a EUIPO 
992 |a RBX 
999 |c 2747539  |d 2749469